| 000 | 00432nam a22001577a 4500 | ||
|---|---|---|---|
| 020 | _a0309032504 | ||
| 022 | _a0361 | ||
| 082 | _a624.15136 | ||
| 110 |
_aNational Research Council _937043 |
||
| 245 | _aFrost Action and Risk Assessment in Soil Mechanics | ||
| 260 |
_aNational Research Council _c1981 |
||
| 300 |
_aiv, 86 p _bill. : _c15cm |
||
| 526 |
_a0 _b0 _c0 _d624_151360000000000_NAT |
||
| 650 |
_aMCE _9379 |
||
| 942 |
_2ddc _cBK |
||
| 999 |
_c546428 _d546428 |
||